000 00676nam a22001697a 4500
008 130821s1950 ck gr spa
040 _aCo-BoUCM
_bspa
041 0 0 _aspa
110 _aColombia. Ministerio de Relaciones Exteriores
_94048
245 0 0 _aDocumentos relativos al Asilo del sr. Victor Raul Haya de la Torre en la Embajada en Lima
_cColombia. Leyes, decretos
260 _aBogotá (Colombia)
_bPrensas del Ministerio de educación Nacional
_c1950
300 _a60 páginas
600 _aHaya de la Torre, Víctor Raúl
_9669
650 0 4 _aDerecho de asilo
_912729
942 _cLIBRO
_a8
_e1
_mC65D
_n0
_2DEWEY
_h341.488
999 _c87331
_d87331